000 00332 a2200169 4500
001 183190
020 _a
040 _cMagnum
100 _aCoutinho, Monica Dirce de
240 1 0 _aMomentos
_lpor
245 1 0 _aMomentos
300 _a80
362 0 _a1988
440 1 _aO Lutador
697 _aLITERATURA GERAL
942 _cBK
999 _c183190
_d183190